Chanteurs français par photo, années 50'-60' - Statistiques

Statistiques générales
  • Ce quiz a été pris 1 193 fois
  • Le résultat moyen est 11 sur 20
Statistiques - réponses
Par images Réponse % Correct
Claude François
95%
Johnny Hallyday
95%
Charles Aznavour
94%
Edith Piaf
91%
Jacques Brel
85%
Serge Gainsbourg
84%
Dalida
78%
Bourvil
73%
France Gall
72%
George Brassens
64%
Léo Ferré
48%
Annie Cordy
47%
Sheila
46%
Antoine
33%
Charles Trenet
29%
Henri Salvador
29%
Salvatore Adamo
28%
Luis Mariano
23%
Tino Rossi
21%
Marcel Mouloudji
12%
Aucun quiz correspondant
Distribution des résultats
% des personnes avec chaque résultat
Percentile par nombre de réponses
Votre historique - résultats
Vous n’avez pas pris ce quiz